World trade and payments : (Record no. 50127)
[ view plain ]
| 000 -LEADER | |
|---|---|
| fixed length control field | 00922nam a2200289 a 4500 |
| 001 - CONTROL NUMBER | |
| control field | 50127 |
| 003 - CONTROL NUMBER IDENTIFIER | |
| rucl marc code | BD-RjUL |
| 005 - DATE AND TIME OF LATEST TRANSACTION | |
| control field | 20211209075449.0 |
| 008 - FIXED-LENGTH DATA ELEMENTS--GENERAL INFORMATION | |
| fixed length control field | 160823s1977 maua b 001 0 eng |
| 035 ## - SYSTEM CONTROL NUMBER | |
| System control number | (BD-RjUL)50247 |
| 040 ## - CATALOGING SOURCE | |
| Original cataloging agency | DLC |
| Transcribing agency | DLC |
| Modifying agency | m.c |
| Language of cataloging | eng |
| 041 ## - LANGUAGE CODE | |
| Language code of text/sound track or separate title | eng |
| 082 ## - DEWEY DECIMAL CLASSIFICATION NUMBER | |
| Classification number | 382 |
| Author mark and year | CAW 1977 |
| 100 1# - MAIN ENTRY--PERSONAL NAME | |
| Personal name | Caves, Richard E. |
| 9 (RLIN) | 134489 |
| 245 10 - TITLE STATEMENT | |
| Title | World trade and payments : |
| Remainder of title | an introduction / |
| Statement of responsibility, etc. | Richard E. Caves, Ronald W. Jones. |
| 250 ## - EDITION STATEMENT | |
| Edition statement | 2nd ed. |
| 260 ## - PUBLICATION, DISTRIBUTION, ETC. (IMPRINT) | |
| Place of publication, distribution, etc. | Boston : |
| Name of publisher, distributor, etc. | Little, Brown, |
| Date of publication, distribution, etc. | 1977 |
| 300 ## - PHYSICAL DESCRIPTION | |
| Pagination | xv, 470 p. : |
| Illustrations | ill. ; |
| Size | 24 cm. |
| 504 ## - BIBLIOGRAPHY, ETC. NOTE | |
| Bibliography, etc | Includes bibliographies and index |
| 650 #0 - SUBJECT ADDED ENTRY--TOPICAL TERM | |
| Topical term or geographic name as entry element | Commerce |
| General subdivision | Mathematical models. |
| 9 (RLIN) | 150226 |
| Topical term or geographic name as entry element | Commercial policy. |
| 9 (RLIN) | 150227 |
| Topical term or geographic name as entry element | International trade. |
| 9 (RLIN) | 150228 |
| Topical term or geographic name as entry element | Balance of payments. |
| 9 (RLIN) | 133927 |
| 700 1# - ADDED ENTRY--PERSONAL NAME | |
| Personal name | Jones, Ronald Winthrop, |
| Dates associated with a name | 1931- |
| 830 #0 - SERIES ADDED ENTRY--UNIFORM TITLE | |
| Uniform title | Little, Brown series in economics |
| 942 ## - ADDED ENTRY ELEMENTS (KOHA) | |
| Source of classification or shelving scheme | Dewey Decimal Classification |
| Koha item type | Books |
| Lost status | Source of classification or shelving scheme | Damaged status | Not for loan | Collection code | Permanent Location | Current Location | Shelving location | Date acquired | Source of acquisition | Cost, normal purchase price | Total Checkouts | Full call number | Date last seen | Copy number | Koha item type |
|---|---|---|---|---|---|---|---|---|---|---|---|---|---|---|---|
| Dewey Decimal Classification | Non-fiction | Central Library, University of Rajshahi | Central Library, University of Rajshahi | 09/10/1979 | Heffer | 11.75 | 382 CAW 1977 | 23/08/2016 | C-2 | Books | |||||
| Dewey Decimal Classification | Non-fiction | Central Library, University of Rajshahi | Central Library, University of Rajshahi | 09/10/1979 | Heffer | 11.75 | 382 CAW 1977 | 23/08/2016 | C-3 | Books | |||||
| Dewey Decimal Classification | Not For Loan | Non-fiction | Central Library, University of Rajshahi | Central Library, University of Rajshahi | Reading Room | 09/10/1979 | Helfers | 11.75 | 382 CAW 1977 | 02/01/2017 | C-1 | Books |